000 00735nam a2200229Ii 4500
003 JO-AjNU
008 230605s9999||||xx |||||||||||||| ||und||
017 _a1998/2/246
040 _aJO-AjNU
_bara
_erda
_cJO-AjNU
041 _aara
050 1 4 _aPJ6696.Z5.S2534 2010
100 3 _aالسامرائي، فاضل صالح,
_eauthor
_931562
245 0 0 _aالتعبير القرآني
250 _aط7
264 3 1 _aعمان: دار عمار، 2010
300 _a364ص
336 _atext
_btxt
_2rdacontent
337 _aunmediated
_bn
_2rdamedia
338 _avolume
_bnc
_2rdacarrier
490 0 _aدراسات بيانية في الأسلوب القرآني (1)
650 4 _aالديانات - إعجاز القرآن
_931563
999 _aA12637
_c16205
_d16205